| 000 | 00339nam a2200145Ia 4500 | ||
|---|---|---|---|
| 008 | 230917s9999||||xx |||||||||||||| ||und|| | ||
| 040 |
_e39019 _aMAIN |
||
| 041 | _aEnglish | ||
| 082 | _a821.8 T362S | ||
| 100 | _aThomas, Edward | ||
| 245 | 0 | _aSelected poems | |
| 260 |
_aLondon _bFaber and Faber _c1974 |
||
| 300 | _a63 p. | ||
| 942 | _cBK | ||
| 999 |
_c202246 _d202246 |
||